| 000 | 01360nam a22002777a 4500 | ||
|---|---|---|---|
| 999 |
_c65324 _d65324 |
||
| 005 | 20240530110818.0 | ||
| 008 | 190708s2019 ua g b 00| 0 ara d | ||
| 017 |
_a8447 _bمصر. دار الكتب |
||
| 020 | _a9789777332187 | ||
| 040 |
_aEG-CaGPL _cEG-CaGPL |
||
| 082 |
_221 _a332.1 / _bج أ |
||
| 100 | 0 | _aجلال جويدة القصاص | |
| 245 | 1 | 0 |
_aاقتصاديات المصارف والنقود الرقمية ( بيتكوين ) من منظور اسلامى : _bالبنوك التجارية - ادارة السيولة والمخاطر والربحية - التمويل فى البنوك الاسلامية - التجارة الاسلامية - التجارة الالكترونية - سعر الصرف الاجنبى / _cجلال جويدة القصاص |
| 260 |
_aالاسكندرية : _bدار التعليم الجامعى، _c2019. |
||
| 300 |
_a241 ص. ؛ _c24 سم. |
||
| 504 | _aيشتمل على ارجاعات ببليوجرافية | ||
| 650 | 0 | 7 |
_2qrmak _aالاقتصاد |
| 650 | 0 | 7 |
_2qrmak _aالبنوك التجارية |
| 650 | 0 | 7 |
_2qrmak _aالتجارة الداخلية |
| 650 | 0 | 7 |
_2qrmak _aالبنوك الاسلامية |
| 651 | _2qrmak | ||
| 653 | 0 | _aالتجارة الالكترونية | |
| 653 | 0 | _aالبنوك الافتراضية | |
| 942 |
_2ddc _cBK |
||